| 000 | 01490ngc a22003254a 4500 | ||
|---|---|---|---|
| 005 | 20240521092608.0 | ||
| 008 | 240517b ||||| |||| 00| 0 eng d | ||
| 040 |
_aCo-BoUCM _bspa _cDavid Moreno _dDavid Moreno |
||
| 041 | _aeng | ||
| 092 | _aDVD 1667 | ||
| 245 | 1 | 0 | _aMel Brooks' The producers |
| 300 |
_a1 videodisc (88 min.) _bsound, color _c4 3/4 in. |
||
| 490 | _aKL studio classics. | ||
| 500 | _a. | ||
| 508 | _aJoseph E. Levine presents ; a Sidney Glazier production ; written by Mel Brooks ; produced by Sidney Glazier ; directed by Mel Brooks. | ||
| 508 | _aDirector of photography, Joseph Coffey ; edited by Ralph Rosenblum ; music composed and conducted by John Morris ; "We're prisoners of love" and "Springtime for Hitler" words and music by Mel Brooks ; choreographer, Alan Johnson. | ||
| 600 | 1 |
_aMel Brooks _9180862 _vThe Producers _xComedia musical |
|
| 650 | 0 | 4 |
_aBroadway _979841 _xAdaptación cinematográfica _xProducción teatral |
| 650 | 0 | 4 |
_aParodia _xSátira _xComedia clásica _9180886 |
| 700 | 1 |
_aBrooks, Mel 1926- _9150732 _d1926- |
|
| 700 | 1 |
_aE Levine, Joseph _960214 |
|
| 700 | 1 |
_aGlazier, Sidney _9180834 _d1980- |
|
| 700 | 1 |
_aMostel, Zero _991205 _d1915-1977 |
|
| 700 | 1 |
_aWilder, Gene _9180835 _d1933-2016 |
|
| 700 | 1 |
_aShawn, Dick _9180219 |
|
| 700 | 1 |
_aWinwood, Estelle _9180861 _d1883-1984 |
|
| 700 | 1 |
_aHewett, Christopher _9180849 _d1922-2001 |
|
| 700 | 1 |
_aMars, Kenneth _9177030 |
|
| 942 |
_2LOCAL _a11 _cMULTIMEDIA _e1 _hDVD _m1667 _n0 |
||
| 999 |
_c324224 _d324224 |
||